• 首页
  • 本馆介绍
  • 公告通知
  • 最新文献
  • 馆藏检索
  • 电子资源
  • 读者导购
  • 参考咨询
  • 我的图书馆
  • 登录
  • 详细信息显示
  • 放入我的书架
  • 预约/预借图书
  • 作者相关作品
  • 分类相关作品
  • 丛书相关作品
  • 出版社相关作品

书目信息

  • 表格格式
  • 工作单格式
  • 卡片格式
题名:
中老年贫血防治
    
 
作者: 孙本强, , 张增巧 , 周英杰 主编 ;王华 , 刘慧英 , 李群 编著
分册:  
出版信息: 北京   金盾出版社  2015
页数: 320页
开本: 21cm
丛书名:
单 册:
中图分类: R556-44
科图分类:
主题词: 中年人--Zhong Nian Ren--贫血--防治--问题解答 , 老年人--Lao Nian Ren--贫血--防治--问题解答
电子资源:
ISBN: 978-7-5186-0418-0
000 01262nam0 2200325 450
001 1656797640
005 20151021092034.4
010    @a978-7-5186-0418-0@dCNY32.00
100    @a20151021d2015 em y0chiy50 ea
101 0  @achi
102    @aCN@b110000
105    @aa z 000yy
106    @ar
200 1  @a中老年贫血防治@AZhong Lao Nian Pin Xue Fang Zhi@f主编孙本强, 张增巧, 周英杰@g编著者王华 ... [等]
210    @a北京@c金盾出版社@d2015
215    @a320页@c图@d21cm
304    @a题名页题其余责任者: 刘慧英, 李群, 孙爱华等
330    @a本书介绍了与贫血相关血液学知识,并以图、表的形式,着重阐述了贫血诊断与分类,中老年人贫血严重性、类型、发病机制,常见中老年人贫血的病因,发病机制、临床表现、实验室检查、诊断、鉴别诊断、治疗步骤,调护及预防等。
333    @a适合广大群众及基层医务人员阅读。
606 0  @a中年人@AZhong Nian Ren@x贫血@x防治@x问题解答
606 0  @a老年人@ALao Nian Ren@x贫血@x防治@x问题解答
690    @aR556-44@v5
701  0 @a孙本强,@ASun Ben Qiang@f1969-@4主编
701  0 @a张增巧@AZhang Zeng Qiao@4主编
701  0 @a周英杰@AZhou Ying Jie@4主编
702  0 @a王华@AWang Hua@4编著
702  0 @a刘慧英@ALiu Hui Ying@4编著
702  0 @a李群@ALi Qun@4编著
801  0 @aCN@b江苏新华@c20150511
905    @aBZT@dR556-44@e3
    
    中老年贫血防治/主编孙本强, 张增巧, 周英杰/编著者王华 ... [等].-北京:金盾出版社,2015
    320页:图;21cm
    使用对象:适合广大群众及基层医务人员阅读。
    
    ISBN 978-7-5186-0418-0:CNY32.00
    本书介绍了与贫血相关血液学知识,并以图、表的形式,着重阐述了贫血诊断与分类,中老年人贫血严重性、类型、发病机制,常见中老年人贫血的病因,发病机制、临床表现、实验室检查、诊断、鉴别诊断、治疗步骤,调护及预防等。
●
相关链接 在五车中查询图书 在当当中查询图书 在豆瓣中查询图书


正题名:中老年贫血防治     索取号:R556-44/3         预约/预借

序号 登录号 条形码 馆藏地/架位号 状态 备注
1 796510   2000796510   第二书库/ [索取号:R556-44/3] 在馆    
2 796511   2000796511   第二书库/ [索取号:R556-44/3] 在馆    
3 796512   2000796512   第二书库/ [索取号:R556-44/3] 在馆    
山东省滨州职业学院图书馆 欢迎您!
大连网信软件有限公司© 版权所有